Code Cracker! XXI Quiz Stats

 Plays Quiz Updated Dec 14, 2018

Support Sporcle.
Go Orange.
Score 0/192 Timer 04:00
0 Plays Today
% Correct
✔​
100%
Z​
100%
Z​
100%
Z​
100%
Z​
100%
✔​
95%
A​
95%
A​
95%
A​
95%
A​
95%
A​
95%
A​
95%
A​
95%
A​
95%
A​
95%
A​
95%
A​
95%
A​
95%
A​
95%
A​
95%
A​
95%
A​
95%
A​
95%
A​
95%
✔​
94%
E​
94%
E​
94%
E​
94%
E​
94%
E​
94%
E​
94%
E​
94%
E​
94%
E​
94%
E​
94%
E​
94%
E​
94%
E​
94%
E​
94%
E​
94%
E​
94%
E​
94%
E​
94%
E​
94%
E​
94%
E​
94%
✔​
94%
I​
94%
I​
94%
I​
94%
I​
94%
I​
94%
I​
94%
I​
94%
I​
94%
I​
94%
I​
94%
I​
94%
I​
94%
I​
94%
I​
94%
I​
94%
✔​
93.9%
P​
93.9%
% Correct
P​
93.9%
P​
93.9%
P​
93.9%
✔​
92.2%
L​
92.2%
L​
92.2%
L​
92.2%
L​
92.2%
L​
92.2%
L​
92.2%
L​
92.2%
L​
92.2%
L​
92.2%
L​
92.2%
✔​
92.1%
T​
92.1%
T​
92.1%
T​
92.1%
T​
92.1%
T​
92.1%
T​
92.1%
T​
92.1%
T​
92.1%
T​
92.1%
T​
92.1%
✔​
91.8%
O​
91.8%
O​
91.8%
O​
91.8%
O​
91.8%
O​
91.8%
O​
91.8%
O​
91.8%
O​
91.8%
O​
91.8%
O​
91.8%
O​
91.8%
O​
91.8%
O​
91.8%
O​
91.8%
O​
91.8%
O​
91.8%
✔​
91.6%
R​
91.6%
R​
91.6%
R​
91.6%
R​
91.6%
R​
91.6%
R​
91.6%
R​
91.6%
R​
91.6%
R​
91.6%
R​
91.6%
✔​
91.5%
S​
91.5%
S​
91.5%
S​
91.5%
S​
91.5%
S​
91.5%
S​
91.5%
S​
91.5%
S​
91.5%
S​
91.5%
S​
91.5%
% Correct
✔​
90.4%
N​
90.4%
N​
90.4%
N​
90.4%
N​
90.4%
N​
90.4%
N​
90.4%
N​
90.4%
N​
90.4%
✔​
89.8%
C​
89.8%
C​
89.8%
C​
89.8%
C​
89.8%
C​
89.8%
C​
89.8%
C​
89.8%
✔​
88.3%
W​
88.3%
W​
88.3%
W​
88.3%
W​
88.3%
W​
88.3%
W​
88.3%
✔​
87.4%
D​
87.4%
D​
87.4%
D​
87.4%
D​
87.4%
✔​
87%
H​
87%
H​
87%
H​
87%
H​
87%
✔​
85.2%
Y​
85.2%
✔​
84.8%
M​
84.8%
M​
84.8%
M​
84.8%
M​
84.8%
M​
84.8%
✔​
84.5%
U​
84.5%
U​
84.5%
✔​
83.8%
B​
83.8%
B​
83.8%
✔​
83.3%
F​
83.3%
F​
83.3%
F​
83.3%
✔​
79.6%
G​
79.6%
✔​
79.3%
J​
79.3%
✔​
77.7%
K​
77.7%
✔​
76.9%
X​
76.9%
✔​
76.3%
V​
76.3%
✔​
74.9%
Q​
74.9%

You're not logged in!

Compare scores with friends on all Sporcle quizzes.
OR
Log In
Forgot?

From the Vault

Tom Clancy Novels

by PhilSandifer

Tom Clancy R.I.P. (1947 - 2013)
Remove Ads.
Support Sporcle.
Get the best of Sporcle when you Go Orange. This ad-free experience offers more features, more stats, and more fun while also helping to support Sporcle. Thank you for becoming a member.

Show Comments

Extras

Top Quizzes Today


Score Distribution

Your Account Isn't Verified!

In order to create a playlist on Sporcle, you need to verify the email address you used during registration. Go to your Sporcle Settings to finish the process.

Report this User

Report this user for behavior that violates our Community Guidelines.

Details: